| 000 | 00934nam a22002894a 4500 | ||
|---|---|---|---|
| 001 | 37461 | ||
| 003 | BD-RjUL | ||
| 005 | 20211209052619.0 | ||
| 008 | 040114s1999 nhua b 001 0 eng | ||
| 020 | _a1578081785 | ||
| 035 | _a(BD-RjUL) | ||
| 040 |
_aDLC _cDLC _dDLC _beng |
||
| 041 | _aeng | ||
| 082 | 0 | 0 |
_a633.6193 _222 |
| 245 | 0 | 0 |
_aSugarcane pathology / _ceditors, G.P. Rao, A. Salem Saumtally, Philippe Rott. _nVolume 1 _p fungal disease |
| 260 |
_aEnfield, NH ; _aNew Delhi : _bScience Publishers; _bOxford, _cc1999 |
||
| 300 |
_av. <3> : _bill. (some col.) ; _c25 cm. |
||
| 504 | _aIncludes bibliographical references. | ||
| 505 | 1 | _a-- v. 1. fungal disease | |
| 650 | 0 |
_aSugarcane _xDiseases and pests. _9114961 |
|
| 700 | 1 |
_aRao, G. P. _q(Govind P.) _9115035 |
|
| 700 | 1 |
_aSaumtally, A. Salem. _9115036 |
|
| 700 | 1 |
_aRott, Philippe. _9115037 |
|
| 942 |
_2ddc _cBK |
||
| 999 |
_c37461 _d37461 |
||